|
003 -Nazwa inst., której nr kontr. jest w polu 001 [,]
|
-
- @
- Nazwa instytucji, której n kontrolny jest w polu 001
- NUKAT
|
|
005 -DATA I CZAS OSTATNIEJ MODYFIKACJI [,]
|
-
- @
- pole kontrolne
- 20241231100220.0
|
|
020 -Międzynarod. znormalizowany nr książki - ISBN [ , ]
|
-
- a
- Numer ISBN
- 9788380306257
|
|
040 -Instytucja sporządzająca opis [ , ]
|
-
- a
- Instytucja, która sporządziła opis (NP)
- KR 7/HT
-
- b
- Język katalogowania
- pol
-
- e
- Zasady katalogowania
- rda
-
- c
- Instytucja, która sporządziła rekord (NP)
- KR 7/HTs
-
- d
- Instytucja, która zmodyfikowała rekord (P)
- KR 7/HT
-
- d
- Instytucja, która zmodyfikowała rekord (P)
- KR 7/HT
|
|
041 -Język dokumentu [1, ]
|
-
- a
- Język tekstu (P)
- angielski
-
- h
- Język tekstu oryginalnego i/lub pośredniego (P)
- polski
|
|
942 -Rodzaj dokumentu [ , ]
|
-
- c
- Rodzaj dokumentu
- Książka
|
|
650 -Hasło przedmiotowe [ ,7]
|
-
- a
- Hasło przedmiotowe
- Pandemia COVID-19 (2020- )
-
- x
- Określnik rzeczowy
- aspekt ekonomiczny
-
- v
- Określnik formalny
- konferencje.
-
-
|
|
650 -Hasło przedmiotowe [ ,7]
|
-
- a
- Hasło przedmiotowe
- Bezpieczeństwo energetyczne
-
- z
- Określnik geograficzny
- Europa Środkowo-Wschodnia
-
- y
- Określnik chronologiczny
- 1990-
-
- v
- Określnik formalny
- konferencje.
-
|
|
650 -Hasło przedmiotowe [ ,7]
|
-
- a
- Hasło przedmiotowe
- Start-up (biznes)
-
- z
- Określnik geograficzny
- Europa Środkowo-Wschodnia
-
- y
- Określnik chronologiczny
- 1990-
-
- v
- Określnik formalny
- konferencje.
-
|
|
650 -Hasło przedmiotowe [ ,7]
|
-
- a
- Hasło przedmiotowe
- Polityka żywnościowa
-
- z
- Określnik geograficzny
- Europa Środkowo-Wschodnia
-
- y
- Określnik chronologiczny
- 1990-
-
- v
- Określnik formalny
- konferencje.
-
|
|
650 -Hasło przedmiotowe [ ,7]
|
-
- a
- Hasło przedmiotowe
- Ekorozwój
-
- z
- Określnik geograficzny
- Europa Środkowo-Wschodnia
-
- y
- Określnik chronologiczny
- 1990-
-
- v
- Określnik formalny
- konferencje.
-
|
|
650 -Hasło przedmiotowe [ ,7]
|
-
- a
- Hasło przedmiotowe
- Konsumpcja zrównoważona
-
- z
- Określnik geograficzny
- Europa Środkowo-Wschodnia
-
- y
- Określnik chronologiczny
- 1990-
-
- v
- Określnik formalny
- konferencje.
-
|
|
651 -Hasło przedmiotowe w formie nazwy geograficznej [ ,7]
|
-
- a
- Nazwa geograficzna
- Europa Środkowo-Wschodnia
-
- x
- Określnik rzeczowy
- sytuacja gospodarcza
-
- y
- Określnik chronologiczny
- 1990-
-
- v
- Określnik formalny
- konferencje.
-
|
|
651 -Hasło przedmiotowe w formie nazwy geograficznej [ ,7]
|
-
- a
- Nazwa geograficzna
- Europa Środkowo-Wschodnia
-
- x
- Określnik rzeczowy
- polityka gospodarcza
-
- y
- Określnik chronologiczny
- 1990-
-
- v
- Określnik formalny
- konferencje.
-
|
|
700 -Hasło dodatkowe - nazwa osobowa [1, ]
|
-
- a
- Nazwa osobowa (NP)
- Chłoń-Domińczak, Agnieszka
-
- d
- Daty biograficzne (NP)
- (1973- ).
-
- e
- Określenie rodzaju współpracy
- Redakcja
-
|
|
700 -Hasło dodatkowe - nazwa osobowa [1, ]
|
-
- a
- Nazwa osobowa (NP)
- Sobiecki, Roman
-
- d
- Daty biograficzne (NP)
- (1954- ).
-
- e
- Określenie rodzaju współpracy
- Redakcja
-
|
|
700 -Hasło dodatkowe - nazwa osobowa [1, ]
|
-
- a
- Nazwa osobowa (NP)
- Strojny, Mariusz.
-
- e
- Określenie rodzaju współpracy
- Redakcja
-
|
|
700 -Hasło dodatkowe - nazwa osobowa [1, ]
|
-
- a
- Nazwa osobowa (NP)
- Majewski, Bartosz.
-
- e
- Określenie rodzaju współpracy
- Redakcja
-
|
|
700 -Hasło dodatkowe - nazwa osobowa [1, ]
|
-
- a
- Nazwa osobowa (NP)
- Majczak, Beata.
-
- e
- Określenie rodzaju współpracy
- Tłumaczenie
-
|
|
700 -Hasło dodatkowe - nazwa osobowa [1, ]
|
-
- a
- Nazwa osobowa (NP)
- Majewska, Anna
-
- c
- Dopowiedzenie inne niż daty biograficzne (NP)
- (tłumaczka).
-
- e
- Określenie rodzaju współpracy
- Tłumaczenie
-
|
|
710 -Hasło dodatkowe - nazwa ciała zbiorowego [2, ]
|
-
- a
- Nazwa ciała zbiorowego lub nazwa geograficzna jako pierwszy element (NP)
- Szkoła Główna Handlowa (Warszawa).
-
- b
- Nazwa jednostki podrzędnej (P)
- Oficyna Wydawnicza.
-
- e
- Rodzaj współpracy
- Wydawca
-
-
|
|
711 -Hasło dodatkowe - nazwa imprezy [2, ]
|
-
- a
- Nazwa imprezy (NP)
- Forum Ekonomiczne
-
- n
- Numer imprezy (P)
- (32 ;
-
- d
- Data imprezy (NP)
- 2023 ;
-
- c
- Miejsce imprezy (NP)
- Karpacz).
-
|